书目信息 |
| 题名: |
藏密神明图鉴
|
|
| 作者: | 诺布旺典 著 | |
| 分册: | ||
| 出版信息: | 紫禁城 2009.01 |
|
| 页数: | 341页 | |
| 开本: | 26cm | |
| 丛书名: | ||
| 单 册: | ||
| 中图分类: | B946.6 | |
| 科图分类: | ||
| 主题词: | 佛教 | |
| 电子资源: | ||
| ISBN: | 978-7-80047-804-8 | |
| 000 | 00602nam0 2200229 45 | |
| 001 | 0957343632 | |
| 005 | 20091020155709.14 | |
| 010 | @a978-7-80047-804-8@dCNY68.00 | |
| 100 | @a20090515d2009 ekmy0 y0120 ea | |
| 102 | @aCN@b130000 | |
| 102 | @aCN@b110000 | |
| 105 | @ay z 000yy | |
| 200 | 1 | @a藏密神明图鉴@f诺布旺典著@Fnuo bu wang dian zhu |
| 210 | @c紫禁城@d2009.01 | |
| 210 | @a北京@c紫禁城出版社 | |
| 215 | @a341页@d26cm | |
| 606 | 0 | @a佛教 |
| 690 | @aB946.6@v4 | |
| 701 | 0 | @a诺布旺典@Anuo bu wang dian@4著 |
| 801 | 0 | @aCN@c20091020 |
| 905 | @a10447@dB946.6@eN967 | |
| 906 | @d68@n4@r1 | |
| 藏密神明图鉴/诺布旺典著.-紫禁城,2009.01.-北京:紫禁城出版社 |
| 341页;26cm |
| ISBN 978-7-80047-804-8:CNY68.00 |
| ● |
| 相关链接 |
|
|
|
正题名:藏密神明图鉴
索取号:B946.6/N967
 
预约/预借
| 序号 | 登录号 | 条形码 | 馆藏地/架位号 | 状态 | 备注 |
| 1 | 894520 | 208945203 | 自科二线400A/400A自科库 10排3列3层/ [索取号:B946.6/N967] | 在馆 | |
| 2 | 894521 | 208945212 | 自科二线400A/400A自科库 11排2列6层/ [索取号:B946.6/N967] | 在馆 | |
| 3 | 894522 | 208945221 | 自科二线400A/400A自科库 10排3列3层/ [索取号:B946.6/N967] | 在馆 | |
| 4 | 894523 | 208945230 | 自科二线400A/400A自科库 47排1列2层/ [索取号:B946.6/N967] | 在馆 |